000 01232pab a2200181 454500
008 180718b2001 xxu||||| |||| 00| 0 eng d
100 _aKavanagh, Dennis
245 _aDepartmentalism and joined-up government: back to the future
260 _c2001
300 _ap.1-18
362 _aJan
520 _aAs part of its modernising approach to policy-making, the Blair government has emphasised the need for joined-up government. It is concerned to tackle `wicked' issues which are not the responsibility of any other department. Departments and units have been urged to concentrate on delivering outcomes regardless of departmental boundaries. The authors show that this approach poses serious challenges to long-established Whitehall and ministerial patterns of behaviour and incentives. A review of previous attempts to combat departmentalism shows how and why they failed. The authors conclude that the present programme will have to be extended and the Whitehall system radically reformed if joined-up government is to succeed. - Reproduced
650 _aGreat Britain - Politics and government
650 _aPolitics and government
700 _aRichards, David
773 _aParliamentary Affairs
909 _a48114
999 _c48114
_d48114